00369cam a22001217a 4500008004000000082001700040100002000057245007100077260002700148300001000175650003200185650003000217180718b1996 xxu||||| |||| 00| 0 eng d aT000x54 F391 aFernandes, B.G. aPlanning in India: challenges and opportunitiescby B.G. Fernandes aNew DelhibAnmolc1996 a194p. aIndia - Economic conditions aEconomic planning - India